Political Equality <An> Essay in Democratic Theory

Enregistré dans:
Détails bibliographiques
Auteur principal: Beitz, Charles R.
Format: Livre
Langue:anglais
Publié: Princeton Princeton University Press 1989
Édition:1. ed.
Sujets:
Tags: Ajouter un tag
Pas de tags, Soyez le premier à ajouter un tag!

MARC

LEADER 00000nam a2200000 4500
001 c020232
005 20221206131534.9
020 |a 0-691-07791-6 
041 0 |a eng 
044 |a US 
245 1 0 |a Political Equality  |b <An> Essay in Democratic Theory  |c Charles R. Beitz 
250 |a 1. ed. 
264 1 |a Princeton  |b Princeton University Press  |c 1989 
300 |a 253 s. 
610 2 0 |a politika 
610 2 0 |a demokracia 
610 2 0 |a teórie politické 
100 1 |a Beitz, Charles R.